Godfather Quotes - Statistics

General Stats
  • This quiz has been taken 15,188 times
    13,305 since last reset
  • The average score is 9 of 16
Answer Stats
Character Answer % Correct
Vito Corleone I'm gonna make him an {offer} he can't refuse
99%
Michael Corleone My father taught me many things... He taught me "keep your friends close, but your enemies {closer}
93%
Tom Hagen No Sicilian can ever refuse a request on his {daughter}'s wedding day
88%
Vito Corleone Look how they massacred my {boy}
72%
Peter Clemenza It's a Sicilian message. It means Luca Brasi sleeps with the {fishes}.
71%
Sonny Corleone We don't discuss business at the {table}
68%
Michael Corleone Luca Brasi held a gun to his head, and my father assured him that either his {brains} or his signature would be on the contract
61%
Sonny Corleone You gotta get them close like this, and badda-{bing}, you blow their brains all over your nice Ivy League suit
55%
Michael Corleone Don't ask me about my {business}, Kay...
50%
Michael Corleone Just when I thought I was out, they {pull} {me} {back} {in}
49%
Michael Corleone I know it was you, {Fredo}. You broke my heart.
45%
Calo In Sicily, {women} are more dangerous than shotguns
45%
Peter Clemenza Leave the gun. Take the {cannoli}.
41%
Luca Brasi And may their first child be a {masculine} child
25%
Vito Corleone Some day, and that day may never come, I'll call upon you to do a {service} for me
22%
Kay Corleone Do you know how {naive} you sound, Michael? Presidents and senators don't have men killed.
16%
No matching quizzes found
Score Distribution
Percent of People with Each Score
Percentile by Number Answered
Your Score History
You have not taken this quiz since the last reset